00927nam a2200229 i 450000100060000000300090000600500170001500700030003200800410003508000110007610000420008724501200012926000490024930000220029850000770032053000350039761000450043265000430047771000220052085200450054285601100058717782ES-MaACL20250808225842.0t|010528s1875 sp |||| | spa d a343.811 aLastres y Juiz, Francisco,d1848-191810aEstudios sobre sistemas penitenciarios b: lecciones pronunciadas en el Ateneo de Madrid / cpor Francisco Lastres. aMadrid : bLibrería de A. Durán, c1875. a236 p. ; c20 cm. aRecoge 10 conferencias dadas en el Ateneo de Madrid en el curso 1874-75. aDisponible en formato digital.24aAteneo de Madrid-vConferencias-yS.XIX. 7aEstablecimientos penitenciarios2embne2 aAteneo de Madrid. aES-MaACLjD-272 hDonativo Lastres, 1907 uhttps://bvpb.mcu.es/es/consulta/registro.do?id=577781 zBiblioteca Virtual del Patrimonio Bibliográfico